Adobe Illustrator CS5 Revealed / (Record no. 36174)
[ view plain ]
| 000 -LEADER | |
|---|---|
| fixed length control field | 00425nam a22001577a 4500 |
| 005 - DATE AND TIME OF LATEST TRANSACTION | |
| control field | 20240723094125.0 |
| 008 - FIXED-LENGTH DATA ELEMENTS--GENERAL INFORMATION | |
| fixed length control field | 240723b |||||||| |||| 00| 0 eng d |
| 020 ## - INTERNATIONAL STANDARD BOOK NUMBER | |
| ISBN | 9781111130466 |
| 082 ## - DEWEY DECIMAL CLASSIFICATION NUMBER | |
| Classification number | 006.686 |
| Item number | BOT-A |
| 245 ## - TITLE STATEMENT | |
| Title | Adobe Illustrator CS5 Revealed / |
| Statement of responsibility, etc. | Chris Botello |
| 260 ## - PUBLICATION, DISTRIBUTION, ETC. | |
| Place of Publication | india: |
| Name of publisher, distributor, etc. | Cengage Learning; |
| Date of publication, distribution, etc. | 2011. |
| 500 ## - GENERAL NOTE | |
| General note | include index. |
| 650 ## - SUBJECT ADDED ENTRY--TOPICAL TERM | |
| Subject / Department | Graphic design |
| 300 ## - PHYSICAL DESCRIPTION | |
| -- | ill; |
| -- | 23 cm. |
| 952 ## - LOCATION AND ITEM INFORMATION (KOHA) | |
| -- | 0 |
| -- | 0 |
| 952 ## - LOCATION AND ITEM INFORMATION (KOHA) | |
| -- | 0 |
| -- | 0 |
| 952 ## - LOCATION AND ITEM INFORMATION (KOHA) | |
| -- | 0 |
| -- | 0 |
| 952 ## - LOCATION AND ITEM INFORMATION (KOHA) | |
| -- | 0 |
| -- | 0 |
| Lost status | Damaged status | Collection code | Permanent Location | Current Location | Shelving Location | Date acquired | Full Call Number | Accession No./Barcode | Date last seen | Copy number | item type | Koha item type |
|---|---|---|---|---|---|---|---|---|---|---|---|---|
| CS/IT | Superior Information Resource Center (SIRC) Superior University- Gold Campus | Superior Information Resource Center (SIRC) Superior University- Gold Campus | Graphic design | 07/23/2024 | 006.686 BOT-A 2011 | 18060 | 07/23/2024 | 1 | BOOK | BOOK | ||
| CS/IT | Superior Information Resource Center (SIRC) Superior University- Gold Campus | Superior Information Resource Center (SIRC) Superior University- Gold Campus | Graphic design | 07/23/2024 | 006.686 BOT-A 2011 | 18061 | 07/23/2024 | 2 | BOOK | BOOK | ||
| CS/IT | Superior Information Resource Center (SIRC) Superior University- Gold Campus | Superior Information Resource Center (SIRC) Superior University- Gold Campus | Graphic design | 07/23/2024 | 006.686 BOT-A 2011 | 18071 | 07/23/2024 | 3 | BOOK | BOOK | ||
| CS/IT | Superior Information Resource Center (SIRC) Superior University- Gold Campus | Superior Information Resource Center (SIRC) Superior University- Gold Campus | Graphic design | 07/23/2024 | 006.686 BOT-A 2011 | 18073 | 09/15/2024 | 4 | BOOK | BOOK |
